Statistics for Geography of New Mexico Quiz

Click here to take the quiz!

General Stats

  • This quiz has been taken 28 times
  • The average score is 13 of 18

Answer Stats

HintAnswer% Correct
Capital citySanta Fe
100%
Biggest cities in New Mexico (city proper)Albuquerque
95%
Common point shared with Utah, Arizona, and ColoradoFour Corners
86%
Longest riverRio Grande
86%
City with the International UFO MuseumRoswell
86%
Biggest cities in New Mexico (city proper)Las Cruces
82%
World-famous highway going through New MexicoRoute {66}
82%
Mexican states bordering New MexicoChihuahua
77%
Native American reservation in the far northwestNavajo
77%
Cave system with nearly 800,000 batsCarlsbad Caverns
73%
Mexican states bordering New MexicoSonora
73%
Missile range in the southern part of the state
(and the name of a national park)
White Sands
68%
Haven for artists such as Georgia O'KeeffeTaos
59%
City renamed for TV show in 1950Truth or Consequences
59%
Longest tributary of the abovePecos River
50%
Biggest cities in New Mexico (city proper)Rio Rancho
45%
Mountain range in the north extending into ColoradoSangre de Cristo Mountains
45%
Highest point{Wheeler} Peak
36%

Score Distribution

Percentile by Number Answered

Percent of People with Each Score

Your Score History

You have not taken this quiz